Normal view
MARC view
- Good, Phillip I
Entry Personal Name
001 - CONTROL NUMBER
- control field: 82556
003 - CONTROL NUMBER IDENTIFIER
- control field: NUST
005 - DATE AND TIME OF LATEST TRANSACTION
- control field: 20210921105016.0
008 - FIXED-LENGTH DATA ELEMENTS
- fixed length control field: 210921|| aca||aabn | a|a d
040 ## - CATALOGING SOURCE
- Original cataloging agency: NUST
- Transcribing agency: NUST
100 ## - HEADING--PERSONAL NAME
- Personal name: Good, Phillip I
670 ## - SOURCE DATA FOUND
- Source citation: Work cat.: (NUST)32803: Good, Phillip I., A practitioner's guide to resampling for data analysis, data mining, and modeling /, c2012.
